Epístolas morales a Lucilio.

Saved in:
Bibliografiske detaljer
Hovedforfatter: Séneca, Lucio Anneo (autor)
Andre forfattere: Roca Meliá, Ismael (introducción, traducción, notas, v.I, v.II)
Format: Bog
Sprog:spansk
Udgivet: Madrid, España: Gredos, 1986-1989.
Serier:Biblioteca Clásica Gredos, 92, 129.
Fag:
Tags: Tilføj Tag
Ingen Tags, Vær først til at tagge denne postø!

MARC

LEADER 00000nam a2200000 a 4500
001 UCW9378
003 CL-VaPUC
005 20220822114322.0
008 890331e19860000SP |||||||||||||||||spa|d
999 |c 221377  |d 221375 
020 |a 84-249-1033-8 (v.I) 
020 |a 84-249-1398-1 (v.II) 
040 |c Pontificia Universidad Católica de Valparaíso 
082 0 4 |a 876 SEN 1986 (v.I)  |2 21 
082 0 4 |a 876 SEN 1989 (v. II)  |2 21 
100 |a Séneca, Lucio Anneo  |e autor  |9 313328 
245 1 0 |a Epístolas morales a Lucilio. 
260 |a Madrid, España:  |b Gredos,  |c 1986-1989. 
300 |a 2 volúmenes.  
490 0 |a Biblioteca Clásica Gredos, 92, 129. 
500 |a c.2 Volumen I: Donación Familia Prof. Alejandro Guzmán Brito. c.1 Volumen II: Donación Familia Prof. Alejandro Guzmán Brito. 
505 |a v.I: Libros I-IX, Epístolas 1-80. v.II: Libros X-XX y XXII. Epístolas 81-125. 
583 |a last modification  |c 19890331 00:00:00  |k Rodrigo Vera 
600 0 |a Séneca, Lucio Anneo  |9 313328 
650 0 |a Correspondencia  |9 258963 
700 |a Roca Meliá, Ismael  |e introducción   |e traducción   |e notas   |e v.I  |e v.II  |9 865396 
942 |c BK  |2 ddc  |n 0 
945 |d 19890331 00:00:00 
952 |0 0  |1 0  |2 ddc  |4 0  |6 876_000000000000000_SEN_1986  |7 0  |8 X  |9 214627  |a BIBHIS  |b BIBHIS  |d 2019-11-15  |h v.I  |i 2831848  |o 876 SEN 1986  |p 2831848  |r 2024-01-30  |w 2019-11-15  |y BK_X  |k HIS 
952 |0 0  |1 0  |2 ddc  |4 0  |6 876_000000000000000_SEN_1989  |7 1  |8 C_AGB  |9 579726  |a BIBDER  |b BIBDER  |d 2021-12-21  |e Donación   |h v.II  |i 5630444  |o 876 SEN 1989  |p 5630444  |r 2023-01-25  |t 1  |w 2021-12-21  |y BK_US  |k AGB 
952 |0 0  |1 0  |2 ddc  |4 0  |6 876_000000000000000_SEN_1986  |7 1  |8 C_AGB  |9 580579  |a BIBDER  |b BIBDER  |d 2022-01-17  |e Donación   |h v.I  |i 5639441  |o 876 SEN 1986   |p 5639441  |r 2023-01-25  |t 2  |w 2022-01-17  |y BK_US  |k AGB